000 00319nam a2200121Ia 4500
008 170620s9999 xx 000 0 und d
020 _aPHYSIOLOGY AND PATHOPHYSIOLOGY"
100 _aAGGARWAL-P.K.
245 0 _aANATOMY-PHYSIOLOGY AND PATHOPHYSIOLOGY
260 _bPRAGATI PRAKASHAN MEERUT
260 _c2009
300 _a201
690 _a"ANATOMY
999 _c31203
_d31203